ბათუმის შოთა რუსთაველის სახელმწიფო უნივერსიტეტის ბიბლიოთეკა

ონომასტიკურ ტერმინთა განმარტებითი ლექსიკონი (ბიბ.ჩანაწერი № 51087)

000 -LEADER
fixed length control field 00798nam a2200217Ia 4500
001 - CONTROL NUMBER
control field 18044
003 - CONTROL NUMBER IDENTIFIER
control field GE_BSU
008 - FIXED-LENGTH DATA ELEMENTS--GENERAL INFORMATION
fixed length control field 181216s||||||||xx |||||||||||||| ||und||
040 ## - CATALOGING SOURCE
Transcribing agency GE_BSU
080 ## - UNIVERSAL DECIMAL CLASSIFICATION NUMBER
Universal Decimal Classification number 81'374(038)
100 ## - MAIN ENTRY--PERSONAL NAME
Personal name ცხადაია, პაატა
245 ## - TITLE STATEMENT
Title ონომასტიკურ ტერმინთა განმარტებითი ლექსიკონი
245 ## - TITLE STATEMENT
Statement of responsibility, etc. რედ.: შ. აფრიდონიძე
260 ## - PUBLICATION, DISTRIBUTION, ETC.
Place of publication, distribution, etc. თბილისი
260 ## - PUBLICATION, DISTRIBUTION, ETC.
Name of publisher, distributor, etc. თბილ. უნ-ტის გამ-ბა
260 ## - PUBLICATION, DISTRIBUTION, ETC.
Date of publication, distribution, etc. 1988
300 ## - PHYSICAL DESCRIPTION
Extent 215გვ. ; 20სმ.
653 ## - INDEX TERM--UNCONTROLLED
Uncontrolled term ონომასტიკურ ტერმინთა განმარტებითი ლექსიკონი
942 ## - ADDED ENTRY ELEMENTS (KOHA)
Koha item type წიგნი
ეგზემპლარები
Withdrawn status Lost status Damaged status Not for loan Date acquired Barcode Date last seen Price effective from Koha item type
        2018-12-17 45994 2018-12-17 2018-12-17 წიგნი
        2018-12-17 45993 2018-12-17 2018-12-17 წიგნი
        2018-12-17 45992 2018-12-17 2018-12-17 წიგნი